Etika sociálnych dôsledkov a jej kontexty

Salvato in:
Dettagli Bibliografici
Autore principale: Gluchman, Vasil
Natura: Libro
Lingua:slovacco
Pubblicazione: Bratislava PVT 1996
Edizione:1. vyd.
Soggetti:
Tags: Aggiungi Tag
Nessun Tag, puoi essere il primo ad aggiungerne!!

MARC

LEADER 00000nam a2200000 4500
001 c016739
005 20221128072744.5
020 |a 80-88859-03-4 
041 0 |a slo 
044 |a SK 
245 1 0 |a Etika sociálnych dôsledkov a jej kontexty  |c Vasil Gluchman 
250 |a 1. vyd. 
264 1 |a Bratislava  |b PVT  |c 1996 
300 |a 132 s. 
610 2 0 |a etika 
610 2 0 |a filozofia 
100 1 |a Gluchman, Vasil